Statistics for Most Spoken European Languages in the World

Click here to take the quiz!

General Stats

  • This quiz has been taken 452 times
    (413 since last reset)
  • The average score is 14 of 15

Answer Stats

Speakers Answer % Correct
405,000,000Spanish
100%
360,000,000English
99%
75,000,000French
98%
89,000,000German
98%
155,000,000Russian
98%
59,000,000Italian
97%
215,000,000Portuguese
92%
21,000,000Dutch
90%
40,000,000Polish
90%
12,000,000Greek
89%
24,000,000Romanian
88%
19,000,000Serbo-Croatian
84%
30,000,000Ukrainian
80%
10,000,000Czech
79%
13,000,000Hungarian
77%

Score Distribution

Percentile by Number Answered

Percent of People with Each Score

Your Score History

You have not taken this quiz since the last reset